| 000 | 01168nam a22003257a 4500 | ||
|---|---|---|---|
| 003 | CHAP | ||
| 005 | 20220329140319.0 | ||
| 008 | 971013s1971 r 00010 d | ||
| 010 | _a50241 | ||
| 011 | _a51213 | ||
| 035 | _a55363 | ||
| 040 | _cCHAP | ||
| 090 | _aTesis | ||
| 100 | 0 | 0 |
_aPineda Castro, Julio César. _988145 |
| 245 | _aEstudios preliminares sobre el cultivo y control de la pudrición texana, Phymatotrichum omnivorum (Shear) Duggar, bajo condiciones de laboratorio | ||
| 260 |
_aMonterrey, N.L. : _bEl autor, _c1971 |
||
| 300 | _a64 h. | ||
| 502 | _aTesis (Ing. Agr. Fitotecnista) -- ITESM. División de Ciencias Agropecuarias y Marítimas | ||
| 590 |
_aALEPH _b10 _c20130110 _lUCH01 _h1324 |
||
| 590 |
_aBATCH-UPD _b10 _c20130109 _lUCH01 _h2334 |
||
| 590 |
_aBATCH-UPD _b10 _c20130110 _lUCH01 _h0756 |
||
| 590 |
_aBATCH-UPD _b10 _c20130409 _lUCH01 _h1901 |
||
| 590 |
_aBATCH-UPD _b10 _c20130410 _lUCH01 _h0435 |
||
| 590 |
_aBATCH-UPD _b10 _c20130914 _lUCH01 _h1913 |
||
| 590 |
_aCONVERSION _b10 _c20130109 _lUCH01 _h1327 |
||
| 650 | 1 | 4 |
_aPudrición texana de la raíz. _992868 |
| 901 | _aBK | ||
| 942 | _cTESIS | ||
| 949 |
_bBC _cTES _d-121516 _eTS1 _i55363 _si |
||
| 999 |
_c50241 _d50241 |
||